MARC

LEADER 00000nam0a2200000 4500
001 72120
005 20231031083130.0
010 |a 5724500558 
035 |a (RuTPU)RU\TPU\book\76884 
090 |a 72120 
100 |a 20050105d1987 m y0rusy50 ca 
101 0 |a rus 
102 |a RU 
105 |a a z 001zy 
200 1 |a Технология магнитных лент  |f Г. И. Брагинский, Е. Н. Тимофеев  |g под ред. Г. И. Лозневого 
205 |a 2-е изд., перераб. 
210 |a Ленинград  |c Химия  |d 1987 
215 |a 328 с.  |c ил. 
320 |a Библиогр.: с. 317-322 
320 |a Предметный указатель: с. 323-326 
610 1 |a магнитные ленты 
610 1 |a магнитная запись 
610 1 |a магнитные порошки 
610 1 |a полимеры 
610 1 |a суспензии 
610 1 |a отделка 
610 1 |a физико-механические свойства 
610 1 |a технологическая гигиена 
675 |a 681.84.083  |v 3 
700 1 |a Брагинский  |b Г. И.  |g Герц Ирмович 
701 1 |a Тимофеев  |b Е. Н.  |g Евгений Николаевич 
702 1 |a Лозневой  |b Г. И.  |4 340 
801 1 |a RU  |b 63413507  |c 20050105  |g PSBO 
801 2 |a RU  |b 63413507  |c 20050912  |g PSBO 
942 |c BK